[Event "GRE-chT 49th"]
[Site "Thessaloniki"]
[Date "2022.08.12"]
[Round "1.1"]
[White "Gkavardinas, Antonios"]
[Black "Mavrogeorgos, Ilias"]
[Result "1-0"]
[WhiteElo "2170"]
[BlackElo "1091"]
[PlyCount "53"]
[EventDate "2022.08.12"]
[EventType "team-swiss"]
[EventRounds "7"]
[EventCountry "GRE"]
[SourceTitle "CBM 209 Extra"]
[Source "ChessBase"]
[SourceDate "2022.09.30"]
[SourceVersion "1"]
[SourceVersionDate "2022.09.30"]
[SourceQuality "1"]
[WhiteTeam "Evoiki ES"]
[BlackTeam "Erakleioe Attikes"]
[WhiteTeamCountry "GRE"]
[BlackTeamCountry "GRE"]

1. e4 e6 2. d4 d5 3. Nd2 Nf6 4. e5 Nfd7 5. f4 c5 6. c3 Nc6 7. Ne2 Qb6 8. Nf3 Be7 9. Qc2 0-0 10. Be3 f6 11. Qd2 cxd4 12. cxd4 a5 13. Nc3 a4 14. a3 Na5 15. Rd1 Nb3 16. Qc2 Qa5 17. Bd3 f5 18. h3 Nb6 19. Nd2 Bh4+ 20. Ke2 Nxd2 21. Bxd2 Nc4 22. Bxc4 dxc4 23. Be3 Rd8 24. g4 g6 25. Rhg1 fxg4 26. Rxg4 Be7 27. Rxg6+ 1-0